| 000 | 00626nam a2200229Ia 4500 | ||
|---|---|---|---|
| 003 | OSt | ||
| 005 | 20220927104637.0 | ||
| 006 | a|||||r|||| 00| 0 | ||
| 007 | ta | ||
| 008 | 220926b |||||||| |||| 00| 0 eng d | ||
| 024 | _a151857 | ||
| 037 | _cReference Collections | ||
| 040 |
_aRTL _cRTL _beng |
||
| 041 |
_2eng _aeng |
||
| 082 | _a"X79E.2.N7, M2.1/UN" | ||
| 110 | _aWorld Bank | ||
| 245 | 0 | _aState finance in India. V1 | |
| 260 |
_aWashington _bWorld Bank _c1982 |
||
| 700 | _aWorld Bank | ||
| 942 |
_h"X79E.2.N7, M2.1/UN" _cCC |
||
| 999 |
_c688161 _d688161 |
||